[Event "AUS-ch Minor"]
[Site "Cammeray"]
[Date "2011.01.11"]
[Round "9"]
[White "Beahan, Patrick"]
[Black "Cardenas, Egon"]
[Result "1-0"]
[WhiteElo "1384"]
[BlackElo "1480"]
[PlyCount "133"]
[EventDate "2011.01.02"]
[EventType "swiss"]
[EventRounds "11"]
[EventCountry "AUS"]
[SourceTitle "EXT 2012"]
[Source "ChessBase"]
[SourceDate "2011.11.24"]
[SourceVersion "1"]
[SourceVersionDate "2011.11.24"]
[SourceQuality "1"]

1. e4 c5 2. c3 g6 3. Nf3 Bg7 4. d4 cxd4 5. cxd4 a6 6. Nc3 e6 7. e5 Nc6 8. Ne4 Nxe5 9. dxe5 Bxe5 10. Nd6+ Bxd6 11. Qxd6 Qe7 12. Qd4 Qf6 13. Qb4 Qe7 14. Qb3 b5 15. Bg5 f6 16. Bd2 Bb7 17. Be2 h5 18. 0-0 h4 19. h3 g5 20. Nh2 Nh6 21. Ng4 Nxg4 22. Bxg4 f5 23. Bxf5 exf5 24. Rfe1 Be4 25. f3 Qc5+ 26. Be3 Qc2 27. fxe4 Qxb3 28. axb3 fxe4 29. Bxg5 d5 30. Rad1 Kd7 31. Rxd5+ Ke6 32. Rd4 Kf5 33. Bc1 Rhe8 34. Be3 Re6 35. Rf1+ Kg6 36. Rf4 Rh8 37. Rd5 Rh7 38. Rg4+ Kf7 39. Rd7+ Re7 40. Rxe7+ Kxe7 41. Rxe4+ Kf6 42. Bf2 Rd7 43. Bxh4+ Kf5 44. Re2 Rd3 45. Rf2+ Kg6 46. Rf3 Rd2 47. Bf6 b4 48. g4 Re2 49. h4 Re4 50. h5+ Kh6 51. Rg3 Re6 52. Bd4 Re2 53. Be3+ Kh7 54. g5 Rxb2 55. g6+ Kg8 56. h6 Rb1+ 57. Kg2 Rd1 58. Rf3 Rd8 59. Bc5 a5 60. Kg3 Rc8 61. h7+ Kg7 62. Bd4+ Kxg6 63. h8Q Rxh8 64. Bxh8 Kg5 65. Bd4 Kg6 66. Bb6 a4 67. bxa4 1-0

[Event "AUS-ch Minor"]
[Site "Cammeray"]
[Date "2011.01.09"]
[Round "7"]
[White "Cardenas, Egon"]
[Black "Simmonds, Rex"]
[Result "1-0"]
[WhiteElo "1480"]
[BlackElo "1485"]
[PlyCount "67"]
[EventDate "2011.01.02"]
[EventType "swiss"]
[EventRounds "11"]
[EventCountry "AUS"]
[SourceTitle "EXT 2012"]
[Source "ChessBase"]
[SourceDate "2011.11.24"]
[SourceVersion "1"]
[SourceVersionDate "2011.11.24"]
[SourceQuality "1"]

1. e4 e5 2. Nf3 Nc6 3. Bb5 a6 4. Ba4 Nf6 5. 0-0 b5 6. Bb3 d6 7. Re1 Be7 8. c3 0-0 9. h3 Bb7 10. d4 Na5 11. Bc2 exd4 12. cxd4 Re8 13. b4 Nc4 14. Nc3 Nd7 15. Qd3 g6 16. a4 c6 17. axb5 axb5 18. Rxa8 Bxa8 19. Bb3 d5 20. exd5 cxd5 21. Qe2 Nf6 22. Qd3 Bxb4 23. Ne5 Ne4 24. Qf3 f5 25. Rxe4 dxe4 26. Qg3 Qxd4 27. Nxg6 hxg6 28. Qxg6+ Qg7 29. Qxe8+ Kh7 30. Nxb5 e3 31. Qh5+ Qh6 32. Qxf5+ Kg7 33. Bb2+ Nxb2 34. Qf7+ 1-0

[Event "AUS-ch Minor"]
[Site "Cammeray"]
[Date "2011.01.05"]
[Round "4"]
[White "Dale, Finley"]
[Black "Cardenas, Egon"]
[Result "0-1"]
[WhiteElo "882"]
[BlackElo "1480"]
[PlyCount "62"]
[EventDate "2011.01.02"]
[EventType "swiss"]
[EventRounds "11"]
[EventCountry "AUS"]
[SourceTitle "EXT 2012"]
[Source "ChessBase"]
[SourceDate "2011.11.24"]
[SourceVersion "1"]
[SourceVersionDate "2011.11.24"]
[SourceQuality "1"]

1. c4 Nf6 2. d4 e5 3. Nf3 e4 4. Nfd2 c6 5. Nc3 d5 6. e3 Bb4 7. cxd5 Bxc3 8. bxc3 cxd5 9. Bb5+ Bd7 10. Qb3 0-0 11. Bxd7 Qxd7 12. 0-0 Nc6 13. Ba3 Rfc8 14. Rfc1 Na5 15. Qb4 Nc4 16. Nxc4 Rxc4 17. Qb3 a6 18. Rab1 b5 19. Bc5 Qg4 20. Rc2 Nd7 21. Bd6 Qe6 22. Qa3 Ra4 23. Qb3 Qxd6 24. f3 exf3 25. gxf3 Rc8 26. Rg2 Rac4 27. Rc1 b4 28. Rgc2 Qg6+ 29. Kh1 Qd3 30. Qa4 b3 31. Qxd7 bxc2 0-1

[Event "AUS-ch Minor"]
[Site "Cammeray"]
[Date "2011.01.03"]
[Round "2"]
[White "Souffron, Marc"]
[Black "Cardenas, Egon"]
[Result "0-1"]
[WhiteElo "1166"]
[BlackElo "1480"]
[PlyCount "68"]
[EventDate "2011.01.02"]
[EventType "swiss"]
[EventRounds "11"]
[EventCountry "AUS"]
[SourceTitle "EXT 2012"]
[Source "ChessBase"]
[SourceDate "2011.11.24"]
[SourceVersion "1"]
[SourceVersionDate "2011.11.24"]
[SourceQuality "1"]

1. e4 c5 2. c3 g6 3. d4 Bg7 4. Bb5 a6 5. Bc4 e6 6. dxc5 b5 7. cxb6 Qxb6 8. Qe2 Bb7 9. Be3 Qc7 10. f3 Nf6 11. Na3 d5 12. exd5 Nxd5 13. Bxd5 Bxd5 14. Nh3 0-0 15. 0-0 Nd7 16. Nf4 Bc6 17. Rfd1 Be5 18. g3 Qb7 19. Rf1 Rab8 20. Rab1 Rfd8 21. Nd3 Bc7 22. Kg2 e5 23. Nf2 Re8 24. Ne4 f5 25. Nf2 f4 26. Bd2 Nf6 27. gxf4 e4 28. Kg3 exf3 29. Qc4+ Bd5 30. Qd4 Nh5+ 31. Kg4 Qc8+ 32. f5 Qxf5+ 33. Kh4 Bd8+ 34. Bg5 Bxg5# 0-1